Guess The Music Brand! - Statistics

General Stats
  • This quiz has been taken 45 times
  • The average score is 15 of 19
Answer Stats
Picture Answer % Correct
Rolling Stones
95%
Guns N Roses
93%
U2
93%
The Beatles
90%
ABBA
85%
Metallica
85%
The Doors
85%
The Strokes
85%
Nirvana
83%
ACDC
80%
Aerosmith
80%
Pink Floyd
80%
Justin Bieber
75%
Kiss
70%
Lady Gaga
70%
Queen
58%
Red Hot Chili Peppers
58%
Adele
55%
Deadmau5
35%
No matching quizzes found
Score Distribution
Percent of People with Each Score
Percentile by Number Answered
Your Score History
You have not taken this quiz